01626nam a22002177a 4500008004100000020001800041040000800059041001300067100003300080245013700113260011300250300002400363490003200387520068900419650006701108650004601175650005901221942000801280952010501288999001501393250625b |||||||| |||| 00| 0 eng d a9798334023819 ctbs aengajpn aBolen, Jackie925581eauthor aLearn English with Japaneseb: high-beginner English conversation lessons for Japanese speakers (with translations)c/ Jackie Bolen. a[Place of publication not identified] :b[Publisher not identified], c[date of publication not identified]. a210 pages ;c25 cm. aLearn English with Japanese aLearn English with Japanese in a fun and interesting way! It can be difficult to find easy dialogues for English learners with Japanese translations. That’s where this book comes in! These conversations are easy to read, contain simple questions and answers, and the Japanese translation, in case you need it. Buy a copy of the book if you want to: Learn English through Japanese — Pick up some new phrases and expressions — See similar vocabulary words over and over again — Spend some time reading material at your level — See how people speak English in real life — Gain some confidence for your next trip — Level up your English language skills in a big way. 0aEnglish language xStudy and teachingxForeign speakers911690 0aEnglish languagexSelf-instruction925365 0aEnglish languagevTextbooks for foreign speakers96478 2lcc 00102lcc4070aTBSbTBSd2025-06-25l0oP-EN LEARN BOLpB07578r2025-06-25t1w2025-06-25yENGLISH c4794d4794